Score 0/24 Timer 04:00
0 Plays Today
Celebrity 'O' or 'Y' % Correct
Bill Murray???
96.5%
Bruce Willis???
93.5%
Betty White???
87.6%
Mark Wahlberg???
86.9%
Bill Gates???
82.2%
Owen Wilson???
78.7%
Luke Wilson???
78.3%
Nicole Kidman???
77.3%
Dolph Lundgren???
75.3%
Cuba Gooding, Jr.???
75.3%
Joe Montana???
73.5%
Kevin Bacon???
71.9%
Celebrity 'O' or 'Y' % Correct
Weird Al Yankovic???
69.8%
Dr. Dre???
69.7%
Boy George???
65.7%
Barack Obama???
62.6%
John Cusack???
55.1%
Kelly McGillis???
54.4%
Rebecca De Mornay???
53.7%
J.K. Rowling???
51.3%
Quentin Tarantino???
42.6%
Charlie Sheen???
41.9%
Slash???
39.3%
Nicolas Cage???
36.6%
Remove Ads.
Support Sporcle.
Get the best of Sporcle when you Go Orange. This ad-free experience offers more features, more stats, and more fun while also helping to support Sporcle. Thank you for becoming a member.

You're not logged in!

Compare scores with friends on all Sporcle quizzes.
OR
Log In

Show Comments

Extras

Top Quizzes Today


Score Distribution

Your Account Isn't Verified!

In order to create a playlist on Sporcle, you need to verify the email address you used during registration. Go to your Sporcle Settings to finish the process.

Report this User

Report this user for behavior that violates our Community Guidelines.

Details: